000 00557nam a2200253Ia 4500
008 210210b1994 xxu||||| |||| 00| 0 eng d
082 _a657.46 GAUI
100 _aGAUR (V P)
245 _aIncome Tax law and practice Rev Ed 22
250 _a
260 _aNew Delhi.
_bKalyani Publishers,
_c1994
300 _axiv,6,79
650 _aTax
650 _aRev
650 _apractice
650 _alaw
650 _aIncome
650 _aEd
650 _aand
650 _a22
690 _aIncome Tax
700 _aNARANG (D B)
906 _a048598
999 _c97416
_d97416